000
00312nam a22001337a 4500
003
SGT
082
_a
923.154
_b
R89H
100
_a
HEALY, KATHLEEN
245
_a
RAJIV GANDHI:THE YEARS OF POWER
260
_a
INDIA
_b
VIKAS PUB. HOUSE
_c
1989
300
_a
307
650
_a
PRIME MINISTER OF INDIA
942
_2
ddc
_c
BK
999
_c
25874
_d
25874